000 02806nam a2200349 i 4500
003 DO-SdBNP
005 20250717151158.0
007 ta
008 250717d2025 pr 000 f spa d
020 _a9789945637670
040 _aDO-SdBNP
_bspa
_cBNPHU
_erda
041 _aspa
082 4 _aRD863.44
_bC352in 2025
_222
100 1 _aCastillo, Efraím,
_d1940-
_928022
_eautor
_4aut.
245 1 0 _aInti huaman ó Eva Again :
_b[edición bilingüe] /
_cEfraim Castillo ; traducción, Pedro A. García Díaz
250 _aTercera edición
260 _aSanto Domingo :
_bTaller,
_c1983.
264 _aSan Juan, Puerto Rico :
_bEditorial Isla Negra,
_bEditora Búho,
_c2025.
300 _a235 páginas ;
_c22 cm.
336 _atexto
_btxt
_2rdacontent
337 _asin mediación
_bn
_2rdamedia
338 _avolumen
_bnc
_2rdacarrier
490 0 _aLa montaña de papel
500 _aIncluye datos biográficos del autor en la solapa de la cubierta.
520 _aLa primera versión de la novela corta Inti Huamán o Eva Again es de 1969 (sometida a un certamen como cuento), en 1983 Editora Taller publica una primera edición y en 2019 Últimos Monstruos Editores publica una segunda. Esta edición de 2024, precedida de un enjundioso estudio de la Dra. María José Gutiérrez Barajas, crítica cultural y profesora Yale University, es la tercera edición y la primera bilingüe (español-inglés) de lo que constituye la primera novela de ciencia ficción de la literatura dominicana. En cada edición del texto, su autor ha introducido cambios que enriquecen los ritmos de sentidos internos de esta poderosa novela de ciencia ficción. –Dr. Eugenio García Cuevas Universidad de Puerto Rico en Bayamón Efraim Castillo cuestiona la capacidad del estado para decidir quién tiene y quién no el derecho a reproducirse […] Inti Huamán asume una serie de características como son su fetichización, su capacidad de concebir en una especie de paraíso natural al que no ha llegado la tecnología, su cuerpo fértil pero carente de voz o voluntad, que la colocan entre dos figuras bíblicas, Eva y la virgen María. Inti Huamán, como ellas, es también la madre de una nueva civilización […] El autor trasciende no solamente los límites temporales y su ordenación lógica, sino también los límites insulares […] amplía su óptica para ubicar su país y su realidad en un contexto más amplio, el de América Latina, y situar el continente en un escenario global. –Dra. María José Gutiérrez Barajas Yale University
590 _aInventariado, 2025/ YL
650 4 _aNovela dominicana
_9223
650 4 _aLiteratura dominicana.
_967
700 1 _aGarcía Díaz, Pedro A.
_etraductor
_4tr.
_988377
910 _aYLockward/Validado. Control de calidad MFF
942 _2ddc
_cLBS1
999 _c59567
_d59567